[Event "SWE-chB2"]
[Site "Linkoping"]
[Date "1996.??.??"]
[Round "?"]
[White "Eriksson, Mats"]
[Black "Nilsson, Andre"]
[Result "1/2-1/2"]
[WhiteElo "2225"]
[BlackElo "2270"]
[PlyCount "23"]
[EventDate "1996.??.??"]
[EventType "tourn"]
[EventRounds "13"]
[EventCountry "SWE"]
[SourceTitle "EXT 2000"]
[Source "ChessBase"]
[SourceDate "1999.11.16"]
[SourceVersion "1"]
[SourceVersionDate "1999.11.16"]
[SourceQuality "1"]

1. e4 g6 2. d4 d6 3. Nf3 Bg7 4. Nc3 Nf6 5. Be2 0-0 6. 0-0 c6 7. Re1 Nbd7 8. Bf4 Qa5 9. e5 dxe5 10. dxe5 Nd5 11. Nxd5 Qxd5 12. Qxd5 1/2-1/2

[Event "SWE-chB2"]
[Site "Linkoping"]
[Date "1996.??.??"]
[Round "?"]
[White "Hjelm, Niclas"]
[Black "Nilsson, Andre"]
[Result "1/2-1/2"]
[WhiteElo "2325"]
[BlackElo "2270"]
[PlyCount "20"]
[EventDate "1996.??.??"]
[EventType "tourn"]
[EventRounds "13"]
[EventCountry "SWE"]
[SourceTitle "EXT 2000"]
[Source "ChessBase"]
[SourceDate "1999.11.16"]
[SourceVersion "1"]
[SourceVersionDate "1999.11.16"]
[SourceQuality "1"]

1. d4 g6 2. c4 Bg7 3. e4 d6 4. Nc3 Nf6 5. f3 0-0 6. Be3 e5 7. Nge2 c6 8. Qd2 Nbd7 9. 0-0-0 a6 10. Kb1 b5 1/2-1/2

[Event "SWE-chB2"]
[Site "Linkoping"]
[Date "1996.??.??"]
[Round "?"]
[White "Nilsson, Andre"]
[Black "Carlsson, Ingvar"]
[Result "1-0"]
[WhiteElo "2270"]
[BlackElo "2260"]
[PlyCount "59"]
[EventDate "1996.??.??"]
[EventType "tourn"]
[EventRounds "13"]
[EventCountry "SWE"]
[SourceTitle "EXT 2000"]
[Source "ChessBase"]
[SourceDate "1999.11.16"]
[SourceVersion "1"]
[SourceVersionDate "1999.11.16"]
[SourceQuality "1"]

1. e4 c5 2. Nc3 Nc6 3. g3 g6 4. Bg2 Bg7 5. d3 e6 6. Be3 d6 7. Qd2 Nd4 8. Nd1 e5 9. c3 Ne6 10. Nh3 Ne7 11. 0-0 0-0 12. Bh6 Bd7 13. Bxg7 Kxg7 14. f4 f6 15. Ne3 Rb8 16. Rf2 Qa5 17. a3 b5 18. Raf1 Qb6 19. Kh1 a5 20. fxe5 fxe5 21. Nd5 Qd8 22. Rxf8 Nxf8 23. Qf2 Nxd5 24. Qf7+ Kh8 25. exd5 Bf5 26. Nf2 Rc8 27. Qb7 Rb8 28. Qa6 Bc8 29. Qa7 Bd7 30. Ne4 1-0

[Event "SWE-chB2"]
[Site "Linkoping"]
[Date "1996.??.??"]
[Round "?"]
[White "Nilsson, Andre"]
[Black "Laveryd, Peter"]
[Result "0-1"]
[WhiteElo "2270"]
[BlackElo "2300"]
[PlyCount "70"]
[EventDate "1996.??.??"]
[EventType "tourn"]
[EventRounds "13"]
[EventCountry "SWE"]
[SourceTitle "EXT 2000"]
[Source "ChessBase"]
[SourceDate "1999.11.16"]
[SourceVersion "1"]
[SourceVersionDate "1999.11.16"]
[SourceQuality "1"]

1. g3 d5 2. Bg2 c6 3. Nf3 Nf6 4. 0-0 Bg4 5. d3 Nbd7 6. h3 Bh5 7. b3 e6 8. Bb2 Be7 9. Nbd2 0-0 10. Qe1 a5 11. a3 b5 12. e4 a4 13. e5 Ne8 14. b4 c5 15. c3 d4 16. Nh2 Rc8 17. Ndf3 dxc3 18. Bxc3 Nc7 19. d4 cxb4 20. Bxb4 Nd5 21. Ba5 N7b6 22. Nd2 Qd7 23. f4 Bg6 24. g4 Bd3 25. Rf3 Nc4 26. Nxc4 bxc4 27. Bf1 Qa7 28. Bxd3 Qxd4+ 29. Kh1 cxd3 30. Qg1 Qc4 31. Bd2 Qc2 32. Qd1 Rb8 33. Nf1 Qxd1 34. Rxd1 Rb3 35. Bc1 Rc8 0-1